• 首页
  • 本馆介绍
  • 公告通知
  • 最新文献
  • 馆藏检索
  • 电子资源
  • 读者导购
  • 参考咨询
  • 我的图书馆
  • 登录
  • 详细信息显示
  • 放入我的书架
  • 预约/预借图书
  • 作者相关作品
  • 分类相关作品
  • 丛书相关作品
  • 出版社相关作品

书目信息

  • 表格格式
  • 工作单格式
  • 卡片格式
题名:
竞技体操基本动作的力学原理与教法
    
 
作者: 孙亦光 , 潘龙根 著
分册:  
出版信息: 北京   人民体育出版社  2000
页数: 159页
开本: 19cm
丛书名:
单 册:
中图分类: G832.014
科图分类:
主题词: 竞技体操--人体--运动--生物力学--研究
电子资源:
ISBN: 7-5009-1949-2
000 00671nam0 2200205 45
001 0401262390
005 20040126232657.0
010    @a7-5009-1949-2@dCNY10.00
100    @a20040126d2000 km y0chiy0120 ea
101 0  @achi
105    @aa z 000yy
200 1  @a竞技体操基本动作的力学原理与教法@AJing Ji Ti Cao Ji Ben Dong Zuo De Li Xue Yuan Li Yu Jiao Fa@f孙亦光,潘龙根著@FSun Yi Guang,Pan Long Gen Zhu
210    @a北京@c人民体育出版社@d2000
215    @a159页@c图@d19cm
606 0  @a竞技体操@x人体@x运动@x生物力学@x研究
690    @aG832.014@v4
701  0 @a孙亦光@4著
701  0 @a潘龙根@4著
801    @aCN@bTSTCL@c20040126
905    @b332517-521@dG832.014@e48@f5
    
    竞技体操基本动作的力学原理与教法/孙亦光,潘龙根著.-北京:人民体育出版社,2000
    159页:图;19cm
    
    
    ISBN 7-5009-1949-2:CNY10.00
    
●
相关链接 在E读中查询图书 在五车中查询图书 在当当中查询图书 在豆瓣中查询图书


正题名:竞技体操基本动作的力学原理与教法     索取号:G832.014/48         预约/预借

序号 登录号 条形码 馆藏地/架位号 状态 备注
1 0332517   203325179   第四借阅区/ [索取号:G832.014/48] 在馆    
2 0332518   203325188   第四借阅区/ [索取号:G832.014/48] 在馆    
3 0332519   203325197   第四借阅区/ [索取号:G832.014/48] 在馆    
4 0332520   203325204   第四借阅区/ [索取号:G832.014/48] 在馆    
5 0332521   203325213   第一样本阅览室/ [索取号:G832.014/48] 在馆    
唐山师范学院图书馆 欢迎您!
大连网信软件有限公司© 版权所有